Statistiques concernant Les pays n'ayant aucun pays frontaliers

Cliquez ici pour prendre le quiz!

Statistiques générales

  • Ce quiz a été pris 406 fois
    (368 depuis la dernière actualisation)
  • Le résultat moyen est 33 sur 39

Statistiques - réponses

Nom du pays% Correct
2Australie
96%
17Madagascar
95%
13Islande
93%
19Malte
93%
24Nouvelle-Zélande
93%
15Japon
92%
7Chypre
91%
6Cap-Vert
90%
33Seychelles
90%
9Cuba
88%
8Comores
87%
11Fidji
87%
34Sri Lanka
86%
14Jamaïque
85%
18Maldives
85%
21Maurice
85%
3Bahamas
84%
20Marshall
84%
39Vanuatu
84%
1Antigua-et-Barbuda
83%
23Nauru
83%
31Samoa
83%
32Sao-Tomé-et-Principes
83%
36Tonga
83%
38Tuvalu
83%
16Kiribati
82%
22Micronésie
82%
5Barbade
81%
10Dominique
80%
29Saint-Vincent-et-les-Grenadines
80%
30Salomon
80%
35Taiwan
80%
12Grenade
79%
25Palaos
79%
26Philippines
79%
27Sainte-Lucie
79%
37Trinité-et-Tobago
73%
28Saint-Kitts-et-Nevis
68%
4Bahreïn
58%

Distribution des résultats

Percentile par nombre de réponses

% des personnes avec chaque résultat

Votre développement - résultats

Vous n’avez pas pris ce quiz depuis la dernière actualisation